Sports Quiz

Random Sports Quiz

TMBSL TOPG Leaders Quiz Stats

 Plays Quiz not verified by Sporcle

Also try: Past NBA Logos
Challenge
Share
Tweet
Embed
Score 0/29 Timer 10:00
0 Plays Today
Year Player % Correct
3002Grant Hill
80%
3003Grant Hill
80%
3027George Hill
80%
3001Teodor Ethan
60%
3007Teodor Ethan
60%
3009Teodor Ethan
60%
3017Teodor Ethan
60%
3018Waterbug Grant
60%
3028Matthew Jacobson
60%
3011Josh Coleman
40%
3013Josh Coleman
40%
3015Josh Coleman
40%
3016Steve Nash
40%
3022Mike Conley
40%
3023Walter Devlin
40%
Year Player % Correct
3025Kyrie Irving
40%
3005Kerr Hans
20%
3006Kerr Hans
20%
3008Jerry West
20%
3014Shannon Scott
20%
3024Brad Daugherty
20%
3026John Williams
20%
3000Allen Murphy
0%
3004Don Russell
0%
3010Andre Ostertag
0%
3012Sebastian Telfair
0%
3019Nicklaus Green
0%
3020Jeff Teague
0%
3021Jerome Robinson
0%

You're not logged in!

Compare scores with friends on all Sporcle quizzes.
Join for Free
OR
Log In

You Might Also Like...

Show Comments

Extras

Created Mar 8, 2016ReportNominate
Tags:leader, player, team

Top Quizzes Today


Score Distribution

Your Account Isn't Verified!

In order to create a playlist on Sporcle, you need to verify the email address you used during registration. Go to your Sporcle Settings to finish the process.

Report this User

Report this user for behavior that violates our Community Guidelines.

Details: